Nekalá súťaž bakalárska práca

Gespeichert in:
Bibliographische Detailangaben
1. Verfasser: Buková, Darina
Körperschaft: Obchodná fakulta EU. Katedra obchodného práva
Weitere Verfasser: Borodovčák, Milan
Format: Buch
Sprache:Slowakisch
Veröffentlicht: Bratislava 2013
Tags: Tag hinzufügen
Keine Tags, Fügen Sie das erste Tag hinzu!

MARC

LEADER 00000nbm a2200000 4500
001 0175584
005 20170523130638.1
041 0 |a slo 
044 |a SK 
245 1 0 |a Nekalá súťaž  |b bakalárska práca  |c Darina Buková ; školiteľ: Milan Borodovčák 
264 1 |a Bratislava  |c 2013 
300 |a 45 s. 
100 1 |a Buková, Darina 
700 1 |a Borodovčák, Milan 
710 2 |a Obchodná fakulta EU. Katedra obchodného práva